Construction competences for NVQ level 2 : bricklaying

Bibliographic Details
Main Author: Nash, W.G
Format: Book
Published: Great Britain : Stanley Thornes , 1991
Subjects:

MARC

LEADER 00000cam a2200000 7i4500
001 0000002655
002 000002883
005 20000330.0
020 |a 0748712925 
090 0 0 |a 693   |b NAS 
100 1 |a Nash, W.G 
245 1 0 |a Construction competences for NVQ level 2 :   |b bricklaying   |c W.G. Nash 
260 |a Great Britain :   |b Stanley Thornes ,   |c 1991 
300 |a 100p. ;   |c 27cm. 
650 0 0 |a Contruction competences 
999 |a 036066   |b BUKU   |c PINJAMAN   |e PERPUSTAKAAN KOMUNITI PETALING JAYA